000
00334nam a22001457a 4500
008
230124b ||||| |||| 00| 0 eng d
020
_a
2901285068908
041
_a
eng
080
_2
FIFTH EDITION
_a
343.9
082
_a
343.9SIE
100
_a
30
101
_a
JURED
245
_a
CRIMINOLOGY THE CORE
_c
SIEGEL J L
942
_2
udc
_c
BK
999
_c
59258
_d
59258